00493nam a2200193Ia 4500003000900000008004100009040001300050040001300063041000800076100002200084245009300106250002200199260002100221260000900242300001100251300001000262490002100272490000600293IT-RoPAU120407s9999 xx 000 0 und d aIT-RoPAU cIT-RoPAU aita aGiorgio Campanini aRealtà e problemi della famiglia contemporanea. Compendio di sociologia della famiglia aCinisello Balsamo aEdizioni Paoline c1989 a219 p. c21 cm aI compendi EP, 2 v1